LIBRARY & INFORMATION CENTRE, KCAET, TAVANUR

ONLINE PUBLIC ACCESS CATALOGUE (OPAC)

Essays on middle English literature / (Record no. 5356)

MARC details
000 -LEADER
fixed length control field 00388cam a2200145ua 4500
041 ## - LANGUAGE CODE
Language code of text/sound track or separate title eng
082 ## - DEWEY DECIMAL CLASSIFICATION NUMBER
Classification number 828.09
Item number EVE/ES
100 ## - MAIN ENTRY--AUTHOR NAME
Personal name Everett, Dorothy .
245 ## - TITLE STATEMENT
Title Essays on middle English literature /
260 ## - PUBLICATION, DISTRIBUTION, ETC. (IMPRINT)
Place of publication London :
Name of publisher Oxford at the Clarendon Press ,
Year of publication 1964.
300 ## - PHYSICAL DESCRIPTION
Number of Pages 179 ; .
942 ## - ADDED ENTRY ELEMENTS (KOHA)
Koha item type Books
Holdings
Withdrawn status Lost status Damaged status Home library Current library Date acquired Cost, normal purchase price Full call number Accession Number Koha item type Public note
Withdrawn     KAUAET Malayalam University 07/04/2012 21.00 828.09 6871 Books Transferred to Malayalam University
free website counter